00401nam a2200109Ia 4500008004100000050002600041100002000067245007800087260008600165300002800251521001200279140724s9999 xx 000 0 und d aTX 911.3b.Am481 2012 aAmakawa, Sarah. aInstitute of hospitality management and hotel primavera /cSarah Amakawa. aLas Piñas, Philippines :bSouthville International School and Colleges,cc2012. a96 p. :bill. ;c28 cm. aTourism